La Suède pour les touristes... - Facile - Statistiques

Statistiques générales
  • Ce quiz a été pris 29 fois
  • Le résultat moyen est 13 sur 20
Statistiques - réponses
Question Indice Réponses Indice facile % Correct
Quelle est la langue officielle ? Suédois
100%
Quelles autres langues sont répandues ? S Suédois S
100%
Quelles autres langues sont répandues ? A Anglais A
96%
Quelles autres langues sont répandues ? D Danois D
88%
Dans la capitale y-a-t-il un décalage horaire avec Paris ? (oui/non) Non
88%
La conduite se fait à droite ou à gauche ? Droite
85%
Quelles sont les principales villes touristiques ? S Stockholm
85%
La vitesse sur autoroute est limitée à {110} km/h
81%
Quelles sont les principales villes touristiques ? M Malmo LAMMO
77%
Achats à faire 3/ Poisson fumé Saumon MANOUS
73%
Quelles autres langues sont répandues ? A Allemand A
69%
Le taux d'alcoolémie toléré au volant est de {0.2} g/l
58%
Quelles sont les principales villes touristiques ? G Goteborg BOGORGET
58%
Le suffixe internet est se
58%
Quelle est la monnaie ? Couronne suédoise C
50%
Achats à faire 2/ Chaussures en bois Sabots BASTOS
50%
Quelles sont les principales villes touristiques ? U Uppsala PALPASU
42%
La religion majoritaire est Luthérianisme L
27%
Achats à faire 1/ Cheval de... Dalécarlie ARADICELLE
8%
Quel parc national peut-on visiter ? T Tiveden DEVIENT
4%
Aucun quiz correspondant
Distribution des résultats
% des personnes avec chaque résultat
Percentile par nombre de réponses
Votre historique - résultats
Vous n’avez pas pris ce quiz